00990 a2200205 45000010006000000050017000060080041000230030015000640400040000790800099001192450084002180200022003022640041003243000019003655050228003840410008006121000040006207000029006608560095006894263720260407155714.0260407a2017 arg spa dAR-UNSa-BCEJYS aAR-UNSa-BCEJYSbspacAR-UNSa-BCEJYS a347.99(826.7)xClases de juzgados y tribunales y sus jurisdicciones (Jusgado Federal de Salta)10aMemoria de la Justicia Federal de Sección de la Provincia de Saltap1863-2017 a978-987-698-182-8 1aSalta :bMundo Gráfico Saltac2017 a169 p.c20 cm. a1. Historía de la Justicia Federal de Salta - 2. El edificio de oficinas nacionales de Salta - 3. Actividades de gestión de la Justicia Federal de Salta - 4. Conclusiones y prospectivas para la Justicia Federal de Salta aspa1 aRabbi-Baldi Cabanillas, Luis Renato1 aCatalano, Mariana Inés41uhttps://biblioeco.unsa.edu.ar/pmb/images/libros/L126582.jpgyImagen de portadaqimage/jpeg